[Event "Teplice Open 2017"]
[Site "Teplice"]
[Date "2017.06.15"]
[Round "6"]
[White "Andreev, Eduard"]
[Black "Pultorak, Jan"]
[Result "1-0"]
[WhiteElo "2434"]
[BlackElo "2302"]
[Annotator "TA"]
[PlyCount "77"]
[EventDate "2017.??.??"]
[EventCountry "CZE"]
[SourceTitle "playchess.com"]
[Source "ChessBase"]
[SourceQuality "1"]

{[%evp 14,77,18,-6,31,32,24,31,28,22,86,86,86,85,85,83,93,93,90,81,94,94,91,93,145,143,168,173,190,215,191,175,206,170,245,238,277,256,270,274,258,264,291,283,332,321,301,239,300,307,326,317,341,331,407,312,568,566,594,543,1357,1352,1343,1266,1254,1262]} 1. e4 c5 2. Nf3 d6 3. d4 Nf6 4. Nc3 cxd4 5. Nxd4 a6 6. Be3 e6 7. f3 b5 {[%cal Bb7b5,Bb5b4][%mdl 32]} 8. Qd2 b4 {B80: Sicilian Scheveningen: 6 g3 and 6 Be3, including English Attack} 9. Na4 Nbd7 10. Bc4 Ne5 {White is slightly better.} 11. Bb3 $1 Qc7 $146 (11... Bd7 $11 {keeps the balance.}) ({Predecessor:} 11... Bd7 12. O-O Rb8 13. c3 Qa5 14. cxb4 Qxb4 15. Nc3 Be7 16. Qe2 {½-½ (80) Inarkiev,E (2709)-Grandelius,N (2643) Doha 2016}) 12. Qxb4 $16 Rb8 13. Qc3 $36 {[%mdl 2048] White is really pushing.} Qb7 14. Qd2 Bd7 15. Nc3 Be7 16. Qe2 O-O 17. O-O Rfc8 18. Kh1 a5 (18... Ng6 $142) 19. a4 Nc6 20. Ndb5 Nb4 21. Rad1 Ne8 22. Rd2 Ra8 23. Rfd1 Ra6 (23... Na6 $142 24. Bc4 Rc6) 24. Bf4 Bxb5 25. Nxb5 (25. Qxb5 $6 Qa8 $16) 25... Rd8 26. c3 Nc6 27. Bc4 Nb8 28. Bg3 Rc6 29. Nd4 Rcc8 30. Bb5 Nc7 31. Nb3 Nxb5 32. Qxb5 ({Resist} 32. axb5 $6 a4 $18) ({Less strong is} 32. Nxa5 Nxc3 33. Nxb7 Nxe2 $16) 32... Qa7 33. Qxa5 Qe3 34. Nd4 Rc5 $2 (34... Nc6 35. Nxc6 Rxc6) 35. Qa7 $18 {White is clearly winning.} Kf8 36. Bf2 Qf4 {[#]} 37. Nxe6+ $1 {[%mdl 512]} fxe6 38. Bxc5 Nc6 39. Qc7 {Precision: White = 90%, Black = 26%.} 1-0

[Event "Teplice Open 2017"]
[Site "Teplice"]
[Date "2017.06.15"]
[Round "6"]
[White "Ahlander, Bjorn"]
[Black "Hirneise, Tobias"]
[Result "1/2-1/2"]
[WhiteElo "2423"]
[BlackElo "2466"]
[Annotator "TA"]
[PlyCount "60"]
[EventDate "2017.??.??"]
[EventCountry "CZE"]
[SourceTitle "playchess.com"]
[Source "ChessBase"]
[SourceQuality "1"]

{[%evp 21,60,15,23,5,23,23,20,21,28,12,11,10,10,8,8,12,24,22,16,16,22,0,0,0,0,0,0,0,0,0,0,0,0,0,0,0,0,0,0,0,0]} 1. d4 d5 2. c4 c6 3. Nf3 Nf6 4. Nc3 dxc4 5. a4 Bf5 6. e3 e6 7. Bxc4 Bb4 8. O-O O-O 9. Qe2 Ne4 10. Nxe4 Bxe4 11. Rd1 Nd7 12. Bd3 {D19: Slav Defence: 5 a4 Bf5 6 e3: Main line with 9 Qe2} Bxd3 (12... Bxf3 $5 13. Qxf3 a5 $14) 13. Rxd3 {[#]} Qe7 $146 ({Predecessor:} 13... c5 14. b3 Qe7 15. Bb2 Nf6 16. Rad1 cxd4 17. Rxd4 Rac8 18. Rc4 Nd5 19. Rdc1 Rxc4 20. Rxc4 {½-½ (35) Nisipeanu,L (2693)-Jakovenko,D (2708) Foros 2007}) 14. Bd2 Rac8 15. Rb3 Bxd2 $1 16. Qxd2 Rc7 17. Rc1 Rfc8 18. Rbc3 Qb4 19. Rc4 Qxd2 {The position is equal.} 20. Nxd2 Nb6 21. Rb4 c5 22. Rxc5 Rxc5 23. dxc5 Rxc5 $11 {[%mdl 4096] Endgame KRN-KRN} 24. Kf1 Kf8 25. Ne4 Rc7 26. Nd6 Ke7 27. Nxb7 Rxb7 28. a5 Kd6 29. axb6 Rxb6 30. Ra4 Rb7 {Precision: White = 70%, Black = 71%.} 1/2-1/2

[Event "Teplice Open 2017"]
[Site "Teplice"]
[Date "2017.06.15"]
[Round "6"]
[White "Dobrowolski, Piotr"]
[Black "Butkiewicz, Lukasz"]
[Result "1/2-1/2"]
[WhiteElo "2421"]
[BlackElo "2460"]
[Annotator "TA"]
[PlyCount "48"]
[EventDate "2017.??.??"]
[EventCountry "CZE"]
[SourceTitle "playchess.com"]
[Source "ChessBase"]
[SourceQuality "1"]

{[%evp 9,48,-21,-21,-21,-26,-21,-10,-21,-27,-23,-31,-16,-29,-33,-30,-64,-58,-64,0,0,0,0,0,0,0,0,0,0,0,0,0,0,0,0,0,0,0,0,0,0,0]} 1. e4 d6 2. d4 Nf6 3. Nc3 e5 4. Nf3 Nbd7 5. g4 Nxg4 6. Rg1 {C41: Philidor Defence} Ngf6 (6... exd4 7. Nxd4 Ngf6 8. Be3 Ne5 9. Be2 h5 10. Qd2 Nfg4 11. Bf4 c5 12. Nf5 Bxf5 13. exf5 {0-1 (46) Vachier Lagrave,M (2803)-Jobava,B (2701) chess.com INT 2017}) 7. Bc4 {aiming for Ng5.} h6 8. Be3 c6 9. dxe5 dxe5 10. Qe2 b5 11. Bb3 Qa5 {Threatens to win with ...Ba6.} 12. O-O-O Ba6 $1 13. Nb1 $146 c5 (13... Qc7 $15) 14. Bxf7+ $11 {The position is equal.} Kxf7 {[#]} 15. Rxd7+ $1 {[%mdl 512]} Nxd7 {[#]} 16. Nxe5+ $1 {[%mdl 512]} Nxe5 17. Qh5+ Kg8 18. Qxe5 {Hoping for Qd5+.} Rd8 {[#]} 19. Rxg7+ $1 {[%mdl 512]} Bxg7 {[%cal Ra5e1]} 20. Qe6+ Kh7 {[%cal Ra5e1]} 21. Qf5+ Kg8 {[%cal Ra5e1]} 22. Qe6+ Kh7 {[%cal Ra5e1]} 23. Qf5+ Kg8 {[%cal Ra5e1]} 24. Qe6+ Kh7 1/2-1/2

[Event "Teplice Open 2017"]
[Site "Teplice"]
[Date "2017.06.15"]
[Round "6"]
[White "Hnydiuk, Aleksander"]
[Black "Stachowiak, Kamil"]
[Result "1/2-1/2"]
[WhiteElo "2404"]
[BlackElo "2428"]
[Annotator "TA"]
[PlyCount "60"]
[EventDate "2017.??.??"]
[EventCountry "CZE"]
[SourceTitle "playchess.com"]
[Source "ChessBase"]
[SourceQuality "1"]

{[%evp 20,60,40,35,51,39,45,12,14,17,22,22,20,10,27,26,43,22,33,39,45,0,0,0,0,0,0,0,0,0,0,0,14,0,0,0,0,0,0,0,0,0,0]} 1. Nf3 c5 2. c4 Nc6 3. d4 cxd4 4. Nxd4 g6 5. e4 Bg7 6. Be3 Nf6 7. Nc3 d6 8. Be2 Bd7 9. O-O O-O 10. Qd2 Nxd4 11. Bxd4 a5 {B38: Sicilian: Maroczy Bind with 5...Bg7 and 7...0-0} (11... Bc6 12. Bd3 a5 13. Rae1 a4 14. Nd5 e6 15. Nb4 Bd7 16. Rd1 Qe7 17. Rfe1 Rfc8 18. Bf1 e5 19. Bb6 Be6 20. b3 axb3 21. axb3 {½-½ (36) Wojtaszek,R (2727)-Mamedov,R (2650) Huaian 2016}) 12. Qe3 Bc6 13. e5 dxe5 14. Bxe5 Nd7 $146 ({Predecessor:} 14... Qc8 15. Rfe1 Ng4 16. Bxg4 Qxg4 17. Nd5 Bxd5 18. cxd5 Bxe5 19. Qxe5 {1-0 (71) Timanin,B (2355)-Afek,Y (2370) Ramat Hasharon 1993}) 15. Bxg7 Kxg7 16. Bf3 Bxf3 17. Qxf3 Nf6 18. Rad1 Qb6 19. b3 Rfd8 20. Nd5 Nxd5 {The position is equal.} 21. Rxd5 Rxd5 22. Qxd5 $11 {[%mdl 4096] Endgame KQR-KQR} e6 23. Qe5+ f6 24. Qe2 Rd8 25. Rd1 Rd4 26. Rxd4 Qxd4 27. g3 e5 28. Kg2 f5 29. Qf3 b6 30. Qb7+ Kf6 {Precision: White = 40%, Black = 51%.} 1/2-1/2

[Event "Teplice Open 2017"]
[Site "Teplice"]
[Date "2017.06.15"]
[Round "6"]
[White "Langrock, Hannes"]
[Black "Burnett, Andrew"]
[Result "1/2-1/2"]
[WhiteElo "2393"]
[BlackElo "2189"]
[Annotator "TA"]
[PlyCount "105"]
[EventDate "2017.??.??"]
[EventCountry "CZE"]
[SourceTitle "playchess.com"]
[Source "ChessBase"]
[SourceQuality "1"]

{[%evp 19,105,52,58,33,111,110,121,121,131,123,162,165,158,149,189,188,202,189,169,135,164,93,113,108,128,123,152,88,94,60,91,53,55,51,55,15,43,40,48,72,66,71,71,63,75,61,112,112,104,82,94,51,91,70,111,89,103,8,8,8,8,8,8,0,0,0,0,0,0,0,0,0,0,0,0,-8,-8,-8,8,8,29978,-8,-8,-8,-8,-14,-21,-111]} 1. d4 d5 2. Bf4 Nf6 3. e3 c5 4. c3 Qb6 5. Qb3 Nc6 6. Nd2 {D00: 1 d4 d5: Unusual lines} g6 7. Qxb6 axb6 8. Bc7 Nd7 9. Bb5 Bg7 10. Ngf3 O-O {LiveBook: 4 Games} 11. O-O f6 $146 (11... Nd8 $14) ({Predecessor:} 11... e6 12. a4 h6 {½-½ (52) Kovalev,V (2598)-Kovalenko,I (2684) Lisbon 2017}) 12. e4 dxe4 13. Nxe4 cxd4 14. cxd4 {[%cal Bc3d4,Bd4d5][%mdl 32]} h6 15. Nc3 g5 16. d5 Nce5 {intending ...Nxf3+.} 17. Nd4 Nc5 18. Bxb6 Ncd3 19. Rab1 Nf4 20. f3 ({White should play} 20. Bc5 $18) 20... Bd7 21. g3 Bxb5 22. Ndxb5 Nfd3 23. b3 (23. Nc7 $142) 23... f5 $16 24. Bd4 g4 25. fxg4 fxg4 26. Kg2 Rf3 27. h3 gxh3+ 28. Kxh3 Nf4+ 29. Kh2 Ng4+ 30. Kh1 Rxf1+ 31. Rxf1 Nh5 {[#]} 32. Rf3 $1 Rc8 (32... Ne5 $14 33. Re3 Ng4) 33. Bxg7 Kxg7 34. Kg2 Nhf6 35. a4 Kg6 36. Rd3 Rc5 37. Kg1 h5 38. Kg2 (38. d6 $16 Ne5 39. Rd1) 38... Nxd5 $1 $11 39. Nxd5 Rxd5 40. Rxd5 Ne3+ 41. Kf3 Nxd5 {[%mdl 4096] Endgame KN-KN} 42. Ke4 Nb4 43. Nc7 Kg5 {Threatens to win with ...Kg4.} 44. Ne6+ Kg4 45. Ng7 Na6 {White should prevent ...Nc5+.} 46. Kd5 e5 {[%cal Be7e5,Be5e4,Be4e3,Be3e2][%mdl 32]} 47. a5 e4 48. Kd4 Nc5 (48... Kf3 $5 {[%cal Re4e3]} 49. Nxh5 e3 $17) 49. b4 Kf3 $2 {[%mdl 8192] [#]} (49... Na6 $11 50. b5 Nc5) 50. bxc5 $2 (50. Kxc5 {mates} Kg4 51. Kd4 Kxg3 52. b5 Kf2 53. a6 bxa6 54. bxa6 e3 55. Nxh5) 50... e3 {The position is equal.} 51. c6 $1 {[%cal Rc6b7]} bxc6 52. a6 $1 ({Not} 52. Kd3 $2 e2 $19) 52... e2 53. a7 {Precision: White = 52%, Black = 45%.} 1/2-1/2

[Event "Teplice Open 2017"]
[Site "Teplice"]
[Date "2017.06.15"]
[Round "6"]
[White "Schmidt, Tommy B"]
[Black "Vorobiov, Evgeny E"]
[Result "0-1"]
[WhiteElo "2187"]
[BlackElo "2591"]
[Annotator "TA"]
[PlyCount "36"]
[EventDate "2017.??.??"]
[EventCountry "CZE"]
[SourceTitle "playchess.com"]
[Source "ChessBase"]
[SourceQuality "1"]

{[%evp 12,36,4,-36,-22,-20,-27,-18,-19,-42,2,-43,-12,-9,-9,-25,36,36,36,29,20,25,37,29,39,30,29]} 1. Nf3 g6 2. c4 c5 3. Nc3 Bg7 4. d4 cxd4 5. Nxd4 Nc6 6. Nc2 d6 7. g3 Bxc3+ {A35: Symmetrical English: 2 Nc3 Nc6 3 Nf3} 8. bxc3 Qa5 9. Ne3 Nf6 {The position is equal.} ({Much weaker is} 9... Qxc3+ 10. Bd2 $14) 10. Bg2 h5 $146 ({Predecessor:} 10... O-O 11. O-O Be6 12. Rb1 Rab8 13. Nd5 Bxd5 14. cxd5 Ne5 15. Be3 Nc4 {1-0 (38) Chatalbashev,B (2546)-Andersen,M (2582) Ballerup 2017}) 11. h4 Bd7 12. O-O Rc8 13. Nd5 Nxd5 ({Black should try} 13... Ng4 $11) 14. cxd5 $14 Ne5 15. Be3 b6 ({Much worse is} 15... Qxc3 16. Bd4 $16) 16. Bd4 {Black must now prevent f4.} f6 17. f4 Ng4 18. Qd3 Kf7 {[%mdl 32768] Sensor Board Error (Ke4/e5)?} 0-1